|
|
|
|
| LEADER |
00000cam a22000004a 4500 |
| 001 |
musev2_37280 |
| 003 |
MdBmJHUP |
| 005 |
20230905043921.0 |
| 006 |
m o d |
| 007 |
cr||||||||nn|n |
| 008 |
150117s2015 kyu o 00 0 eng d |
| 020 |
|
|
|a 9780813149288
|
| 020 |
|
|
|z 9780813108544
|
| 020 |
|
|
|z 9780813132259
|
| 020 |
|
|
|z 9780813184364
|
| 020 |
|
|
|z 9780813119373
|
| 035 |
|
|
|a (OCoLC)897378675
|
| 040 |
|
|
|a MdBmJHUP
|c MdBmJHUP
|
| 100 |
1 |
|
|a Marek, Jayne E.,
|d 1954-
|
| 245 |
1 |
0 |
|a Women Editing Modernism :
|b "Little" Magazines and Literary History /
|c Jayne E. Marek.
|
| 264 |
|
1 |
|a Lexington :
|b The University Press of Kentucky,
|c 2015.
|
| 264 |
|
3 |
|a Baltimore, Md. :
|b Project MUSE,
|c 2016
|
| 264 |
|
4 |
|c ©2015.
|
| 300 |
|
|
|a 1 online resource (264 pages).
|
| 336 |
|
|
|a text
|b txt
|2 rdacontent
|
| 337 |
|
|
|a computer
|b c
|2 rdamedia
|
| 338 |
|
|
|a online resource
|b cr
|2 rdacarrier
|
| 505 |
0 |
|
|a Cover; title; copyright; contents; acknowledgments; 1. making their ways; 2. beginning in chicago; 3. reader critics; 4. toward international cooperation; illustrations; 5. the ironic editorial we -- 6. a distorting lens; afterword; notes; bibliography; index; a; b; n; c; d; e; f; g; h; i; j; k; l; m; o; p; q; r; s; t; u; v; w; x; y; z.
|
| 520 |
|
|
|a For many years young writers experimenting with forms and aesthetics in the early decades of this century, small journals known collectively as ""little"" magazines were the key to recognition. Joyce, Stein, Eliot, Pound, Hemingway, and scores of other iconoclastic writers now considered central to modernism received little encouragement from the established publishers. It was the avant-garde magazines, many of them headed by women, that fostered new talent and found a readership for it. Jayne Marek examines the work of seven women editors -- Harriet Monroe, Alice Corbin Henderson, Margaret An.
|
| 546 |
|
|
|a English.
|
| 588 |
|
|
|a Description based on print version record.
|
| 650 |
|
7 |
|a Women editors.
|2 fast
|0 (OCoLC)fst01177602
|
| 650 |
|
7 |
|a Modernism (Literature)
|2 fast
|0 (OCoLC)fst01024455
|
| 650 |
|
7 |
|a Little magazines.
|2 fast
|0 (OCoLC)fst01000529
|
| 650 |
|
7 |
|a Literature publishing.
|2 fast
|0 (OCoLC)fst01000111
|
| 650 |
|
7 |
|a Literature, Experimental.
|2 fast
|0 (OCoLC)fst01000149
|
| 650 |
|
7 |
|a English literature.
|2 fast
|0 (OCoLC)fst00911989
|
| 650 |
|
7 |
|a Avant-garde (Aesthetics)
|2 fast
|0 (OCoLC)fst00824280
|
| 650 |
|
7 |
|a American literature.
|2 fast
|0 (OCoLC)fst00807113
|
| 650 |
|
7 |
|a LITERARY CRITICISM
|x American
|x General.
|2 bisacsh
|
| 650 |
|
6 |
|a Éditrices
|z Anglophonie.
|
| 650 |
|
6 |
|a Petites revues
|z Anglophonie.
|
| 650 |
|
6 |
|a Litterature anglaise
|y 20e siecle
|x Histoire et critique.
|
| 650 |
|
6 |
|a Litterature
|x Édition
|z Anglophonie
|x Histoire
|y 20e siecle.
|
| 650 |
|
6 |
|a Litterature experimentale
|z Anglophonie
|x Histoire et critique.
|
| 650 |
|
6 |
|a Modernisme (Litterature)
|z Anglophonie.
|
| 650 |
|
6 |
|a Litterature americaine
|y 20e siecle
|x Histoire et critique.
|
| 650 |
|
0 |
|a Women editors
|z English-speaking countries.
|
| 650 |
|
0 |
|a Little magazines
|z English-speaking countries.
|
| 650 |
|
0 |
|a Avant-garde (Aesthetics)
|z English-speaking countries.
|
| 650 |
|
0 |
|a English literature
|y 20th century
|x History and criticism.
|
| 650 |
|
0 |
|a Literature publishing
|z English-speaking countries
|x History
|y 20th century.
|
| 650 |
|
0 |
|a Literature, Experimental
|z English-speaking countries
|x History and criticism.
|
| 650 |
|
0 |
|a Modernism (Literature)
|z English-speaking countries.
|
| 650 |
|
0 |
|a American literature
|y 20th century
|x History and criticism.
|
| 651 |
|
7 |
|a English-speaking countries.
|2 fast
|0 (OCoLC)fst01261775
|
| 655 |
|
7 |
|a History.
|2 fast
|0 (OCoLC)fst01411628
|
| 655 |
|
7 |
|a Criticism, interpretation, etc.
|2 fast
|0 (OCoLC)fst01411635
|
| 655 |
|
7 |
|a Electronic books.
|2 local
|
| 710 |
2 |
|
|a Project Muse.
|e distributor
|
| 830 |
|
0 |
|a Book collections on Project MUSE.
|
| 856 |
4 |
0 |
|z Texto completo
|u https://projectmuse.uam.elogim.com/book/37280/
|
| 945 |
|
|
|a Project MUSE - Custom Collection
|
| 945 |
|
|
|a Project MUSE - Archive Complete Supplement IV
|
| 945 |
|
|
|a Project MUSE - Archive Literature Supplement IV
|